| 000 | 00595nam a2200181Ia 4500 | ||
|---|---|---|---|
| 003 | GCL | ||
| 008 | 140319s9999 xx 000 0 ara d | ||
| 040 |
_aGCL / _cGCL |
||
| 082 | 0 | 4 |
_a922.1 _bا ش |
| 100 | 1 | _aابراهيم البعثى | |
| 245 | 1 | 0 |
_aشخصيات اسلامية معاصرة: الجزء الثانى / _cابراهيم البعثى |
| 300 | _a314 ص | ||
| 490 |
_aالهيئة العامة للاستعلامات _v0 |
||
| 650 | 0 | 4 | _aالاسلام - تراجم |
| 650 | 0 | 4 | _aاحمد حسن الباقورى |
| 650 | 0 | 4 | _aعبدالحميد السائح |
| 942 |
_2ddc _cBK |
||
| 999 |
_c47065 _d47065 |
||